000 00490nam a2200181Ia 4500
008 100122s9999 xx 000 0 und d
082 _b3875
_a923.1445
100 _aHART LIDDELL
245 _aFOCH: THE MAN OF ORLEANS VOL-2
250 _a0
260 _bPENGUIN BOOKS
_c1937
300 _a536
520 _aवाच क क्र 1
620 _aवाच क क्र 1
630 _aFOCH: THE MAN OF ORLEANS VOL-2
730 _aFOCH: THE MAN OF ORLEANS VOL-2
942 _cBOOK
999 _c442996
_d442993